Effect of energy on the formation of flexible hard Al-Si-N films prepared by magnetron sputtering; Vacuum; Vol. 133

Bibliographic Details
Parent link:Vacuum.— , 1951-
Vol. 133.— 2016.— [P. 43–45]
Corporate Author: Национальный исследовательский Томский политехнический университет (ТПУ) Институт физики высоких технологий (ИФВТ) Лаборатория № 1
Other Authors: Musil Y. Yindrikh, Javdosnak D., Cerstvy R. Radomir, Haviar S., Remnev G. E. Gennady Efimovich, Uglov V. V. Vladimir Vasilievich
Summary:Title screen
Режим доступа: по договору с организацией-держателем ресурса
Language:English
Published: 2016
Subjects:
Online Access:http://dx.doi.org/10.1016/j.vacuum.2016.08.014
Format: Electronic Book Chapter
KOHA link:https://koha.lib.tpu.ru/cgi-bin/koha/opac-detail.pl?biblionumber=652991

MARC

LEADER 00000naa0a2200000 4500
001 652991
005 20250211163910.0
035 |a (RuTPU)RU\TPU\network\18362 
035 |a RU\TPU\network\18358 
090 |a 652991 
100 |a 20170202d2016 k||y0rusy50 ba 
101 0 |a eng 
135 |a drcn ---uucaa 
181 0 |a i  
182 0 |a b 
200 1 |a Effect of energy on the formation of flexible hard Al-Si-N films prepared by magnetron sputtering  |f Y. Musil [et al.] 
203 |a Text  |c electronic 
300 |a Title screen 
320 |a [References: p. 44-45 (16 tit.)] 
333 |a Режим доступа: по договору с организацией-держателем ресурса 
461 |t Vacuum  |d 1951- 
463 |t Vol. 133  |v [P. 43–45]  |d 2016 
610 1 |a электронный ресурс 
610 1 |a труды учёных ТПУ 
610 1 |a магнетронное распыление 
610 1 |a защитные покрытия 
610 1 |a Al-Si-N 
701 1 |a Musil  |b Y.  |c physicist  |c Leading researcher of Tomsk Polytechnic University, Doctor of physical and mathematical sciences  |f 1934-  |g Yindrikh  |3 (RuTPU)RU\TPU\pers\36957 
701 1 |a Javdosnak  |b D. 
701 1 |a Cerstvy  |b R.  |g Radomir 
701 1 |a Haviar  |b S. 
701 1 |a Remnev  |b G. E.  |c physicist  |c Professor of Tomsk Polytechnic University, Doctor of technical sciences  |f 1948-  |g Gennady Efimovich  |3 (RuTPU)RU\TPU\pers\31500 
701 1 |a Uglov  |b V. V.  |c Physicist  |c Leading researcher of Tomsk Polytechnic University, Doctor of physical and mathematical sciences  |f 1954-  |g Vladimir Vasilievich  |3 (RuTPU)RU\TPU\pers\36737 
712 0 2 |a Национальный исследовательский Томский политехнический университет (ТПУ)  |b Институт физики высоких технологий (ИФВТ)  |b Лаборатория № 1  |3 (RuTPU)RU\TPU\col\19035 
801 2 |a RU  |b 63413507  |c 20170206  |g RCR 
856 4 |u http://dx.doi.org/10.1016/j.vacuum.2016.08.014 
942 |c CF